El rey Maximiliano
Wedi'i Gadw mewn:
| Prif Awdur: | |
|---|---|
| Fformat: | Llyfr |
| Iaith: | Sbaeneg |
| Cyhoeddwyd: |
Santiago
Lom
2010
|
| Rhifyn: | 1a. ed |
| Pynciau: | |
| Tagiau: |
Ychwanegu Tag
Dim Tagiau, Byddwch y cyntaf i dagio'r cofnod hwn!
|
MARC
| LEADER | 00000nam a2200000 a 4500 | ||
|---|---|---|---|
| 001 | UCG6234 | ||
| 003 | CL-VaPUC | ||
| 008 | 110414e20100000CL |||||||||||||||||spa|d | ||
| 020 | |a 9789560001863 | ||
| 082 | 0 | 4 | |a 9 |b DIA |2 21 |
| 100 | 0 | |a Díaz, Sol |e author |9 556294 | |
| 245 | 1 | 3 | |a El rey Maximiliano |
| 250 | |a 1a. ed | ||
| 300 | |a 20 p | ||
| 942 | |c BK | ||
| 945 | |d 20110414 00:00:00 |a dcastane | ||
| 260 | |a Santiago |b Lom |c 2010 | ||
| 650 | 0 | |a Cuentos infantiles |9 308044 | |
| 650 | 7 | |a RELACIONES INTRAFAMILIARES |2 CL-VaPUC |9 414137 | |
| 583 | |a last modification |c 20110414 00:00:00 |k Rodrigo Vera | ||
| 999 | |c 344508 |d 344506 | ||
| 952 | |0 0 |1 0 |4 0 |6 9_000000000000000_DIA_2010 |7 0 |8 C |9 442507 |a BIBCUR |b BIBCUR |d 2019-11-22 |i 4763858 |l 1 |o 9 DIA 2010 |p 4763858 |r 2025-04-22 |s 2023-11-16 |w 2019-11-22 |y BK |k INF | ||